000 00621nam a2200193Ia 4500
003 IN-BaIIA
008 211028s9999 xx 000 0 eng d
020 _a978-3-642-39267-2
040 _cIIA Library
080 _a52(082.1)
_bASS-400
245 4 _aThe coronas-f space mission
_bkey results for solar terrestrial physics
_cedited by Vladimir Kuznetsov
260 _aHeidelberg
_bSpringer
_c2014
300 _axi, 483p.
490 _aAstrophysics and space science library; v. 400
650 _aScience - Astronom
_936321
650 _aSolar activity
_91424
700 _aKuznetsov, Vladimir ed.
_936322
942 _cBK
999 _c19024
_d19024